Annexation activity and state law in the United States (Record no. 70051)

000 -LEADER
fixed length control field 01048pab a2200169 454500
008 - FIXED-LENGTH DATA ELEMENTS--GENERAL INFORMATION
fixed length control field 180718b2006 xxu||||| |||| 00| 0 eng d
100 ## - MAIN ENTRY--PERSONAL NAME
Personal name Facer, Rex L. II
245 ## - TITLE STATEMENT
Title Annexation activity and state law in the United States
260 ## - PUBLICATION, DISTRIBUTION, ETC.
Date of publication, distribution, etc. 2006
300 ## - PHYSICAL DESCRIPTION
Extent p.697-709.
362 ## - DATES OF PUBLICATION AND/OR SEQUENTIAL DESIGNATION
Dates of publication and/or sequential designation May
520 ## - SUMMARY, ETC.
Summary, etc. This article explores the impact of 15 separate provisions of state annexation laws on seven different measures of annexation activity. This analysis uses annexation data from 42 states between 1990 and 1998. The analysis finds that there are different patterns of annexation activity for laws designed to constrain annexiation, as compared with laws designed to facilitate annexation. Laws designed to facilitate annexation are likely to be associated with high levels of annexation activity. On the other hand, laws designed to constrain annexation are not very likely to have lower levels of activity. - Reproduced.
650 ## - SUBJECT ADDED ENTRY--TOPICAL TERM
Topical term or geographic name entry element Legislation - United States
650 ## - SUBJECT ADDED ENTRY--TOPICAL TERM
Topical term or geographic name entry element Legislation
773 ## - HOST ITEM ENTRY
Main entry heading Urban Affairs Quarterly
909 ## -
-- 70051
Holdings
Withdrawn status Lost status Damaged status Not for loan Permanent Location Current Location Date acquired Serial Enumeration / chronology Barcode Date last seen Price effective from Koha item type
        Indian Institute of Public Administration Indian Institute of Public Administration 2018-07-19 Volume no: 41, Issue no: 3 AR70507 2018-07-19 2018-07-19 Articles

Powered by Koha